Statistics for Little Runaway - Benson Boone (All Lyrics)

Click here to take the quiz!

General Stats

  • This quiz has been taken 15 times
  • The average score is 244 of 285

Answer Stats

Answer% Correct
a
100%
at
100%
go
100%
good
100%
hard
100%
I
100%
it
100%
know
100%
Little
100%
never
100%
on
100%
runaway
100%
so
100%
the
100%
you
100%
You
100%
your
100%
You're
100%
you're
100%
And
91%
and
91%
are
91%
been
91%
being
91%
but
91%
don't
91%
down
91%
easy
91%
from
91%
in
91%
it's
91%
make
91%
me
91%
see
91%
There's
91%
to
91%
We
91%
we
91%
where
91%
world's
91%
yourself
91%
any
82%
can
82%
could
82%
day
82%
even
82%
everyone
82%
fog
82%
for
82%
front
82%
gold
82%
harder
82%
hide
82%
how
82%
I'd
82%
look
82%
makes
82%
my
82%
of
82%
Oh
82%
reach
82%
that
82%
universe
82%
us
82%
yet
82%
apart
73%
best
73%
both
73%
car
73%
come
73%
comets
73%
easier
73%
falling
73%
forget
73%
help
73%
keep
73%
knows
73%
maybe
73%
out
73%
pain
73%
roof
73%
small
73%
some
73%
stare
73%
stars
73%
trying
73%
Won't
73%
have
64%
Put
64%
still
64%
Though
64%
through
64%
trauma
64%
all
55%
here
55%
let
55%
Ooh
55%
disappear
45%
Mm
45%
problems
45%
them
45%
way
45%
Lay
36%
right
36%

Score Distribution

Percentile by Number Answered

Percent of People with Each Score

Your Score History

You have not taken this quiz